00272nam a2200109Ia 4500008004100000020001800041082001500059100002200074245002300096260003100119500001200150260604s9999 xx 000 0 und d a9780691191911 a306.42 MUL aMULLER [JERRY Z.] 0aTYRANNY OF METRICS bPRINCETON UNIVERSITY PRESS aMetrics